Normal view
MARC view
- Rizwan Hashim.
Entry Personal Name
001 - CONTROL NUMBER
- control field: 30665
003 - CONTROL NUMBER IDENTIFIER
- control field: NUST
005 - DATE AND TIME OF LATEST TRANSACTION
- control field: 20200923115734.0
008 - FIXED-LENGTH DATA ELEMENTS
- fixed length control field: 200923|| aca||aabn | a|a d
040 ## - CATALOGING SOURCE
- Original cataloging agency: NUST
- Transcribing agency: NUST
100 ## - HEADING--PERSONAL NAME
- Personal name: Rizwan Hashim.
670 ## - SOURCE DATA FOUND
- Source citation: Work cat.: (NUST): Majeed, Shameela 30664, To determine the significance of serum Leptin Levels in Metabolic Syndrome patients /, 2013.
